Văn hóa đặt tên của người Tà Ôi - Pa Cô /
Enregistré dans:
| Auteur principal: | |
|---|---|
| Format: | Article |
| Langue: | Vietnamese |
| Sujets: | |
| Tags: |
Ajouter un tag
Pas de tags, Soyez le premier à ajouter un tag!
|
| Thư viện lưu trữ: | Thư viện Trường Đại học Đà Lạt |
|---|
| LEADER | 00762nam a2200253 4500 | ||
|---|---|---|---|
| 001 | DLU170180004 | ||
| 005 | ##20170526 | ||
| 040 | # | # | |a DLU |b vie |
| 041 | # | # | |a vie |
| 044 | # | # | |a vn |
| 100 | # | # | |a Trần Nguyễn Khánh Phong. |
| 245 | # | # | |a Văn hóa đặt tên của người Tà Ôi - Pa Cô / |c Trần Nguyễn Khánh Phong. |
| 653 | # | # | |a Dân tộc thiểu số |
| 653 | # | # | |a Tà Ôi - Pa Cô |
| 653 | # | # | |a Văn hóa đặt tên |
| 773 | # | # | |t Huế xưa & nay |g Số 111, 2012, tr.46-51 |
| 920 | # | # | |a Phòng Tạp chí -- Trung tâm Thông tin - Thư viện Trường Đại học Đà Lạt |
| 900 | # | # | |a True |
| 911 | # | # | |a Nguyễn Thị Thu Phương |
| 925 | # | # | |a G |
| 926 | # | # | |a A |
| 927 | # | # | |a BB |
| 980 | # | # | |a Thư viện Trường Đại học Đà Lạt |